[Event "EU-chT Seniors 01st"]
[Site "Dresden"]
[Date "1999.04.09"]
[Round "1.4"]
[White "Alter, Helmut"]
[Black "Kramer, Gerhard"]
[Result "0-1"]
[WhiteElo "1770"]
[BlackElo "2135"]
[EventDate "1999.04.09"]
[PlyCount "60"]

1.d4 Nf6 2.Nf3 g6 3.c4 Bg7 4.Nc3 O-O 5.e4 d6 6.Be3 e5 7.Qd2 Ng4 8.O-O-O 
Nxe3 9.Qxe3 Nc6 10.dxe5 Nxe5 11.Nxe5 Bxe5 12.f4 Bg7 13.g3 Bd7 14.Qd2 Bg4 
15.Re1 Re8 16.Bd3 c6 17.h3 Bd7 18.g4 Qa5 19.Kc2 a6 20.a3 Rad8 21.f5 Bc8 
22.g5 gxf5 23.Nb1 Qe5 24.Nc3 Qa5 25.Nb1 Qc5 26.Qb4 fxe4 27.Bxe4 Qxb4 28.
axb4 Rxe4 29.Rxe4 Bf5 30.Re1 d5 0-1

[Event "EU-chT Seniors 01st"]
[Site "Dresden"]
[Date "1999.04.13"]
[Round "5.2"]
[White "Appelt, Gerd"]
[Black "Mann, Dieter"]
[Result "1-0"]
[WhiteElo "2005"]
[BlackElo "1800"]
[EventDate "1999.04.09"]
[PlyCount "55"]

1.e4 c6 2.d4 d5 3.e5 Bf5 4.c4 e6 5.Nc3 Bb4 6.a3 Bxc3+ 7.bxc3 Ne7 8.a4 Qa5 
9.Qb3 Qb6 10.Qa3 Qc7 11.Bg5 h6 12.Be3 O-O 13.Nf3 Ng6 14.h4 Qe7 15.Qa2 Qd8 
16.h5 Ne7 17.Be2 Be4 18.Nd2 Bh7 19.f4 Nd7 20.Nf3 f6 21.O-O Qe8 22.g4 f5 
23.g5 Qxh5 24.Kf2 Kh8 25.Rh1 Qe8 26.gxh6 g6 27.Ng5 Ng8 28.Bc1 1-0

[Event "EU-chT Seniors 01st"]
[Site "Dresden"]
[Date "1999.04.09"]
[Round "1.2"]
[White "Appelt, Gerd"]
[Black "Nonnenmacher, Eberhard"]
[Result "0-1"]
[WhiteElo "2005"]
[BlackElo "2275"]
[EventDate "1999.04.09"]
[PlyCount "68"]

1.e4 c5 2.Nc3 Nc6 3.g3 g6 4.Bg2 Bg7 5.d3 e6 6.Be3 d6 7.Qd2 Rb8 8.f4 Nge7 
9.Nf3 Nd4 10.Nd1 b5 11.Nh4 O-O 12.c3 Ndc6 13.O-O f5 14.Nf2 b4 15.d4 bxc3 
16.bxc3 Qa5 17.Rad1 cxd4 18.cxd4 d5 19.e5 Qa3 20.Rb1 Ba6 21.Rfc1 Na5 22.
Nd1 Nc4 23.Qf2 Nc6 24.Rxb8 Rxb8 25.Rc3 Qa4 26.Bf3 Nxe3 27.Qxe3 Nxd4 28.Qc1
Bf8 29.g4 Be2 30.Nb2 Qb5 31.Rc8 Qxb2 32.Rxf8+ Kxf8 33.Qc5+ Kg8 34.Bxd5 Qb6
0-1

[Event "EU-chT Seniors 01st"]
[Site "Dresden"]
[Date "1999.04.11"]
[Round "3.2"]
[White "Appelt, Gerd"]
[Black "Scheipl, Ralf"]
[Result "0-1"]
[WhiteElo "2005"]
[BlackElo "2250"]
[EventDate "1999.04.09"]
[PlyCount "136"]

1.e4 d6 2.d4 Nf6 3.Nc3 g6 4.f4 Bg7 5.Nf3 O-O 6.Be2 c5 7.dxc5 Qa5 8.O-O 
Qxc5+ 9.Kh1 b6 10.Qe1 Nc6 11.Nd2 Nd4 12.Nb3 Nxb3 13.axb3 Bb7 14.Bd3 a6 15.
b4 Qc7 16.b5 a5 17.Ra4 Rac8 18.Rc4 Qb8 19.Rxc8 Rxc8 20.Na4 Qc7 21.Be3 Nd7 
22.f5 Rf8 23.fxg6 hxg6 24.b3 e6 25.Qh4 Nc5 26.Nxc5 dxc5 27.Bf4 Qd7 28.Qg3 
Rc8 29.h4 Qd4 30.Be3 Qe5 31.Bf4 Qc3 32.e5 c4 33.bxc4 Rxc4 34.Bxc4 Qxc4 35.
Qd3 Qc8 36.Rd1 Bd5 37.c4 Qxc4 38.Qxc4 Bxc4 39.Rd8+ Kh7 40.Rb8 Bxb5 41.Rxb6
Be8 42.Rb8 Bc6 43.Rc8 Bd5 44.Rc5 a4 45.Ra5 Bb3 46.Bc1 Bf8 47.Kh2 Bb4 48.
Ra7 Bc3 49.Rxf7+ Kg8 50.Ra7 Bxe5+ 51.Kh3 Bd4 52.Ra8+ Kf7 53.Ba3 e5 54.Kg3 
Ke6 55.Ra6+ Kf5 56.Kh3 e4 57.Ra5+ Kf4 58.Bd6+ Ke3 59.g4 Kd3 60.Kg2 e3 61.
Bg3 Bb2 62.h5 gxh5 63.gxh5 a3 64.h6 a2 65.Kf3 a1=Q 66.Rxa1 Bxa1 67.h7 Bd5+
68.Kf4 Be4 0-1

[Event "EU-chT Seniors 01st"]
[Site "Dresden"]
[Date "1999.04.11"]
[Round "3.1"]
[White "Bagirov, Vladimir"]
[Black "Eis, Helko"]
[Result "1-0"]
[WhiteElo "2490"]
[BlackElo "2115"]
[EventDate "1999.04.09"]
[PlyCount "81"]

1.d4 d6 2.Nf3 Bg4 3.c4 c6 4.g3 Bxf3 5.exf3 Nd7 6.Nc3 Ngf6 7.d5 g6 8.Bg2 
Bg7 9.O-O O-O 10.dxc6 bxc6 11.f4 Nb6 12.Qe2 d5 13.cxd5 cxd5 14.Be3 Rc8 15.
Rfd1 e6 16.Rac1 Nfd7 17.Bf1 Nc5 18.Nxd5 exd5 19.Rxc5 Qe7 20.Rxc8 Rxc8 21.
b3 d4 22.Bxd4 Qxe2 23.Bxe2 Bxd4 24.Rxd4 Rc2 25.Bd3 Rxa2 26.f5 Kg7 27.fxg6 
hxg6 28.Rb4 Rb2 29.h4 Nd7 30.Bc4 Nb6 31.Ba6 Ra2 32.Bb7 Rb2 33.Rb5 Ra2 34.
Kg2 Kf6 35.g4 Nd7 36.Kg3 a5 37.Bc6 Ne5 38.g5+ Ke6 39.Bd5+ Kd6 40.f4 Nd7 
41.Bxf7 1-0

[Event "EU-chT Seniors 01st"]
[Site "Dresden"]
[Date "1999.04.14"]
[Round "6.1"]
[White "Bagirov, Vladimir"]
[Black "Stavenhagen, Johannes"]
[Result "1/2-1/2"]
[WhiteElo "2490"]
[BlackElo "1870"]
[EventDate "1999.04.09"]
[PlyCount "42"]

1.Nf3 d5 2.c4 e6 3.g3 Nf6 4.Bg2 Be7 5.b3 c5 6.Bb2 Nc6 7.cxd5 exd5 8.d4 Be6
9.O-O h6 10.dxc5 Bxc5 11.Nc3 O-O 12.Rc1 Qe7 13.Nb5 Ne4 14.e3 Rac8 15.Qe2 
Bg4 16.h3 Nxg3 17.fxg3 Bxe3+ 18.Kh1 Bxc1 19.Qxe7 Nxe7 20.Bxc1 Bxf3 21.Bxf3
a6 1/2-1/2

[Event "EU-chT Seniors 01st"]
[Site "Dresden"]
[Date "1999.04.09"]
[Round "1.1"]
[White "Bagirov, Vladimir"]
[Black "Uhlmann, Wolfgang"]
[Result "1/2-1/2"]
[WhiteElo "2490"]
[BlackElo "2475"]
[EventDate "1999.04.09"]
[PlyCount "29"]

1.b3 e5 2.Bb2 d6 3.g3 g6 4.Bg2 Bg7 5.c4 f5 6.e3 Nf6 7.Ne2 O-O 8.d4 e4 9.
Nbc3 c6 10.h4 Be6 11.Nf4 Bf7 12.Bf1 Na6 13.Be2 h5 14.Qd2 Nc7 15.Kf1 
1/2-1/2

[Event "EU-chT Seniors 01st"]
[Site "Dresden"]
[Date "1999.04.14"]
[Round "6.3"]
[White "Barnstedt, Dietrich"]
[Black "Demmer, Wolfgang"]
[Result "1-0"]
[WhiteElo "2025"]
[BlackElo "1825"]
[EventDate "1999.04.09"]
[PlyCount "51"]

1.d4 Nf6 2.Nf3 e6 3.Bg5 d5 4.Nbd2 c5 5.e3 Nbd7 6.c3 Be7 7.Bd3 b6 8.Qe2 Bb7
9.O-O Ne4 10.Bf4 O-O 11.Rad1 g5 12.Bg3 Ndf6 13.dxc5 Nxc5 14.Nxg5 Nxd3 15.
Qxd3 Ne4 16.Ngxe4 dxe4 17.Qe2 Qc8 18.Qh5 f5 19.Nb3 Bf6 20.Rd2 Rf7 21.Rfd1 
Ba6 22.Bh4 Bxh4 23.Qxh4 Qc7 24.Qg5+ Kh8 25.Rd8+ Rxd8 26.Rxd8+ 1-0

[Event "EU-chT Seniors 01st"]
[Site "Dresden"]
[Date "1999.04.15"]
[Round "7.4"]
[White "Barnstedt, Dietrich"]
[Black "Schmidt, Gerhard"]
[Result "0-1"]
[WhiteElo "2025"]
[BlackElo "2105"]
[EventDate "1999.04.09"]
[PlyCount "100"]

1.d4 Nf6 2.Nf3 g6 3.Bg5 Bg7 4.Nbd2 d6 5.e3 Nbd7 6.Bc4 O-O 7.Qe2 c5 8.c3 
Rb8 9.O-O Qc7 10.e4 e5 11.dxe5 dxe5 12.h3 h6 13.Be3 Nh5 14.g3 Nb6 15.Kg2 
Nxc4 16.Qxc4 b6 17.Ng1 Be6 18.Qe2 Qb7 19.f3 Rbd8 20.g4 Nf4+ 21.Bxf4 exf4 
22.Rfd1 Rd7 23.Nf1 Rfd8 24.Rxd7 Qxd7 25.a3 Bb3 26.Re1 Bf6 27.Qa6 Ba4 28.
Qe2 Bd1 29.Qf2 Qe7 30.Rxd1 Rxd1 31.Qc2 Rd8 32.Ne2 Qd6 33.Qc1 Be5 34.Kf2 
Qd1 35.Qxd1 Rxd1 36.h4 c4 37.Nd4 Bxd4+ 38.cxd4 Rxd4 39.Ke2 Rd3 40.Nd2 b5 
41.a4 a6 42.axb5 axb5 43.Kd1 c3 44.bxc3 Rxc3 45.e5 b4 46.Ne4 Rxf3 47.Nf6+ 
Kf8 48.Kc2 Ra3 49.h5 gxh5 50.gxh5 f3 0-1

[Event "EU-chT Seniors 01st"]
[Site "Dresden"]
[Date "1999.04.11"]
[Round "3.4"]
[White "Barnstedt, Dietrich"]
[Black "Semasev, Kim"]
[Result "0-1"]
[WhiteElo "2025"]
[BlackElo "2290"]
[EventDate "1999.04.09"]
[PlyCount "74"]

1.d4 Nf6 2.Nf3 g6 3.Bg5 Bg7 4.Nbd2 O-O 5.e3 d6 6.Bc4 Nbd7 7.O-O c5 8.c3 
Rb8 9.Qe2 a6 10.Rfd1 b5 11.Bb3 Qc7 12.Rac1 Bb7 13.e4 c4 14.Bc2 e5 15.d5 h6
16.Bxf6 Bxf6 17.Nf1 Nb6 18.Ne3 Bc8 19.h3 Bd7 20.Kh2 Kg7 21.g4 Bg5 22.Rg1 
Bf4+ 23.Kh1 h5 24.gxh5 Bxh3 25.Nf5+ Bxf5 26.exf5 Bxc1 27.fxg6 Rh8 28.gxf7+
Kxf7 29.Bg6+ Ke7 30.Rxc1 Nxd5 31.Nh4 Nf4 32.Qg4 Rbf8 33.Qg5+ Kd7 34.Bf5+ 
Kc6 35.Bg4 Kb6 36.Rg1 Rhg8 37.Ng6 Rxg6 0-1

[Event "EU-chT Seniors 01st"]
[Site "Dresden"]
[Date "1999.04.12"]
[Round "4.3"]
[White "Barnstedt, Dietrich"]
[Black "Winiwarter, Felix"]
[Result "1/2-1/2"]
[WhiteElo "2025"]
[BlackElo "2225"]
[EventDate "1999.04.09"]
[PlyCount "72"]

1.d4 Nf6 2.Nf3 d5 3.Bg5 e6 4.Nbd2 Be7 5.e3 Nbd7 6.Bd3 h6 7.Bh4 O-O 8.O-O 
c5 9.c3 b6 10.Qe2 Bb7 11.Rad1 Ne4 12.Bxe7 Qxe7 13.Ne5 Nxe5 14.dxe5 Nxd2 
15.Rxd2 Qc7 16.f4 f6 17.Qg4 f5 18.Qg6 Qf7 19.Qxf7+ Rxf7 20.g4 g6 21.gxf5 
gxf5 22.Rg2+ Rg7 23.Rxg7+ Kxg7 24.Kf2 Rg8 25.Rg1+ Kf8 26.Rxg8+ Kxg8 27.Bb5
Kf7 28.Kg3 Bc8 29.Kh4 Kg7 30.Kh5 Kh7 31.Bc6 Kg7 32.b4 cxb4 33.cxb4 Kh7 34.
a4 a5 35.b5 Kg7 36.Be8 Kh7 1/2-1/2

[Event "EU-chT Seniors 01st"]
[Site "Dresden"]
[Date "1999.04.09"]
[Round "1.4"]
[White "Barz, Hans Ulrich"]
[Black "Semasev, Kim"]
[Result "0-1"]
[WhiteElo "1800"]
[BlackElo "2290"]
[EventDate "1999.04.09"]
[PlyCount "42"]

1.e4 d6 2.d4 Nf6 3.Nc3 g6 4.Bd3 Bg7 5.Nge2 O-O 6.O-O e5 7.Bg5 h6 8.dxe5 
hxg5 9.exf6 Bxf6 10.Qd2 Nc6 11.Bc4 Ne5 12.Bb3 g4 13.Ng3 Bg5 14.Qe2 c6 15.
Rad1 Bf4 16.Rfe1 Kg7 17.Rd4 Rh8 18.Qd1 Qh4 19.Nce2 Nf3+ 20.gxf3 Qxh2+ 21.
Kf1 gxf3 0-1

[Event "EU-chT Seniors 01st"]
[Site "Dresden"]
[Date "1999.04.13"]
[Round "5.1"]
[White "Baumgartner, Heinz"]
[Black "Bagirov, Vladimir"]
[Result "1/2-1/2"]
[WhiteElo "2275"]
[BlackElo "2490"]
[EventDate "1999.04.09"]
[PlyCount "98"]

1.Nf3 d5 2.g3 c5 3.Bg2 g6 4.d4 cxd4 5.O-O Bg7 6.Nxd4 Nf6 7.c4 O-O 8.cxd5 
Nxd5 9.Nb5 a6 10.e4 Nb4 11.Qxd8 Rxd8 12.Nc7 Ra7 13.a3 Nc2 14.Ra2 b5 15.Nd5
Nc6 16.b4 N2d4 17.Be3 f5 18.Nbc3 fxe4 19.Bxe4 Bf5 20.Bg2 Rad7 21.Rd2 e6 
22.Nf4 Ne5 23.Rxd4 Rxd4 24.Bxd4 Rxd4 25.Rd1 Rxd1+ 26.Nxd1 Nc4 27.Bb7 Nxa3 
28.Bxa6 g5 29.Ng2 Bf8 30.h4 gxh4 31.Nxh4 Bc2 32.Ne3 Bb3 33.Nf3 Bxb4 34.Nd4
Bc4 35.Nxc4 bxc4 36.Nxe6 c3 37.Nd4 c2 38.Ne2 Bd2 39.Bd3 c1=Q+ 40.Nxc1 Bxc1
41.f4 h6 42.Kf2 Kf7 43.Kf3 Kf6 44.g4 Ke6 45.Ke4 Bd2 46.Be2 Nb1 47.g5 hxg5 
48.Bc4+ Kf6 49.fxg5+ Bxg5 1/2-1/2

[Event "EU-chT Seniors 01st"]
[Site "Dresden"]
[Date "1999.04.11"]
[Round "3.1"]
[White "Baumgartner, Heinz"]
[Black "Eskandary, Jahja"]
[Result "1-0"]
[WhiteElo "2275"]
[BlackElo "2130"]
[EventDate "1999.04.09"]
[PlyCount "97"]

1.Nf3 d6 2.d4 Nd7 3.e4 e5 4.Bc4 h6 5.dxe5 dxe5 6.Bxf7+ Kxf7 7.Nxe5+ Kf6 8.
Qd4 c5 9.Nxd7+ Ke7 10.Qxc5+ Kxd7 11.Qc4 Ke8 12.O-O Qd6 13.Nc3 Be6 14.Qe2 
Be7 15.Rd1 Qc6 16.Nd5 Rc8 17.Qh5+ Bf7 18.Qe5 Kf8 19.Bf4 Bf6 20.Qd6+ Qxd6 
21.Bxd6+ Be7 22.Nxe7 Nxe7 23.c3 Ke8 24.Be5 Rg8 25.b3 Nc6 26.Bd6 g5 27.f3 
Rg6 28.c4 Rd8 29.Bc5 b6 30.Rxd8+ Kxd8 31.Rd1+ Kc7 32.Bf2 Re6 33.Bg3+ Kc8 
34.Kf2 Nd8 35.Ke3 Nb7 36.h4 gxh4 37.Bxh4 Rd6 38.Rxd6 Nxd6 39.g4 Kd7 40.e5 
Nb7 41.f4 h5 42.gxh5 Bxh5 43.f5 Bd1 44.Kd4 Bc2 45.e6+ Ke8 46.f6 Nc5 47.Ke5
a5 48.f7+ Kf8 49.Bg5 1-0

[Event "EU-chT Seniors 01st"]
[Site "Dresden"]
[Date "1999.04.09"]
[Round "1.1"]
[White "Baumgartner, Heinz"]
[Black "Mann, Dieter"]
[Result "1-0"]
[WhiteElo "2275"]
[BlackElo "1800"]
[EventDate "1999.04.09"]
[PlyCount "67"]

1.Nf3 d5 2.g3 Nf6 3.Bg2 g6 4.d4 Bg7 5.c4 O-O 6.cxd5 Nxd5 7.O-O c6 8.e4 Nb6
9.h3 N8d7 10.Nc3 Nf6 11.b3 Bd7 12.Be3 Qc8 13.Kh2 Nh5 14.Rc1 Qb8 15.Kg1 Qc8
16.g4 Nf6 17.a4 Qd8 18.Ne5 Bc8 19.Qc2 Nbd7 20.Nd3 h5 21.e5 Nh7 22.gxh5 
gxh5 23.Qe2 h4 24.Qh5 e6 25.Ne4 f6 26.Qxh4 fxe5 27.Ng5 Nxg5 28.Bxg5 Qe8 
29.dxe5 Nxe5 30.Nxe5 Bxe5 31.Rc4 Rf7 32.Rg4 Rg7 33.Re1 Bc3 34.Re3 1-0

[Event "EU-chT Seniors 01st"]
[Site "Dresden"]
[Date "1999.04.13"]
[Round "5.3"]
[White "Demmer, Wolfgang"]
[Black "Koksch, Guenther"]
[Result "1/2-1/2"]
[WhiteElo "1825"]
[BlackElo "1950"]
[EventDate "1999.04.09"]
[PlyCount "48"]

1.e4 e6 2.d4 d5 3.exd5 exd5 4.Nf3 Bd6 5.c4 c6 6.Nc3 Ne7 7.Be2 Bg4 8.cxd5 
cxd5 9.h3 Bc8 10.O-O Nbc6 11.Nb5 Bb8 12.Re1 a6 13.Nc3 O-O 14.Bd3 h6 15.Ne2
Ng6 16.Be3 Qd6 17.a3 f5 18.Qc2 Bd7 19.Kf1 Qf6 20.Qb3 Nce7 21.Qxb7 Bc6 22.
Qb3 Bd6 23.Qc3 Bd7 24.Ne5 Nxe5 1/2-1/2

[Event "EU-chT Seniors 01st"]
[Site "Dresden"]
[Date "1999.04.09"]
[Round "1.2"]
[White "Demmer, Wolfgang"]
[Black "Scheipl, Ralf"]
[Result "0-1"]
[WhiteElo "1825"]
[BlackElo "2250"]
[EventDate "1999.04.09"]
[PlyCount "68"]

1.e4 c5 2.c3 d5 3.exd5 Qxd5 4.d4 Nf6 5.Nf3 e6 6.Na3 cxd4 7.Nb5 Qd8 8.Nbxd4
a6 9.Bd3 Be7 10.O-O O-O 11.Re1 Nbd7 12.Qe2 Nc5 13.Bc2 b5 14.Nc6 Qc7 15.
Nxe7+ Qxe7 16.Bg5 Bb7 17.Nd4 Rfd8 18.Nf5 Qf8 19.Bxf6 gxf6 20.Qg4+ Kh8 21.
Re3 exf5 22.Qxf5 Qg7 23.Rg3 Rd5 24.Rxg7 Rxf5 25.Rxh7+ Kxh7 26.Bxf5+ Kg7 
27.Rd1 Re8 28.Kf1 Na4 29.Rd2 Re5 30.g4 Rd5 31.Rxd5 Bxd5 32.Bc8 a5 33.Bd7 
Bxa2 34.Bxb5 Nxb2 0-1

[Event "EU-chT Seniors 01st"]
[Site "Dresden"]
[Date "1999.04.12"]
[Round "4.1"]
[White "Eis, Helko"]
[Black "Baumgartner, Heinz"]
[Result "1/2-1/2"]
[WhiteElo "2115"]
[BlackElo "2275"]
[EventDate "1999.04.09"]
[PlyCount "73"]

1.d4 d5 2.c4 e5 3.dxe5 d4 4.Nf3 Nc6 5.g3 Nge7 6.Bg2 Ng6 7.O-O Ngxe5 8.Nbd2
Be7 9.Nb3 d3 10.exd3 Qxd3 11.Nxe5 Nxe5 12.Na5 Qxd1 13.Rxd1 Rb8 14.Bf4 f6 
15.a3 O-O 16.Re1 Bd6 17.b4 g5 18.Be3 b6 19.Nc6 Nxc6 20.Bxc6 Be5 21.Rad1 
Bh3 22.f3 Rbd8 23.Rxd8 Rxd8 24.Bd5+ Kh8 25.f4 Bc3 26.Rc1 Bb2 27.Rb1 gxf4 
28.gxf4 c6 29.Rxb2 cxd5 30.Rd2 Be6 31.Bd4 Kg7 32.c5 bxc5 33.Bxc5 a6 34.Kf2
Kf7 35.a4 Rc8 36.a5 Kg6 37.Ke3 1/2-1/2

[Event "EU-chT Seniors 01st"]
[Site "Dresden"]
[Date "1999.04.09"]
[Round "1.1"]
[White "Eis, Helko"]
[Black "Eskandary, Jahja"]
[Result "0-1"]
[WhiteElo "2115"]
[BlackElo "2130"]
[EventDate "1999.04.09"]
[PlyCount "68"]

1.d4 d6 2.e4 Nd7 3.Nf3 e5 4.Bc4 h6 5.dxe5 dxe5 6.Bxf7+ Kxf7 7.Nxe5+ Kf6 8.
Qd5 Qe8 9.Ng4+ Ke7 10.Bf4 Qg6 11.Ne3 c6 12.Qd4 Kf7 13.Nc3 Bc5 14.Qd3 Qe6 
15.O-O Ne5 16.Qe2 Nf6 17.Rad1 Ng6 18.Qf3 Nxf4 19.Qxf4 Re8 20.Nf5 Qe5 21.
Qf3 Kg8 22.h3 Nxe4 23.Nxe4 Bxf5 24.Nxc5 Qxc5 25.Qb3+ Be6 26.Qxb7 Rab8 27.
Qc7 Rxb2 28.Rd6 Rxc2 29.Rd3 Rf8 30.Rg3 Rf7 31.Qd8+ Kh7 32.Qd3+ Qf5 33.Qe3 
Bd5 34.Rg4 Bc4 0-1

[Event "EU-chT Seniors 01st"]
[Site "Dresden"]
[Date "1999.04.10"]
[Round "2.1"]
[White "Eskandary, Jahja"]
[Black "Bagirov, Vladimir"]
[Result "0-1"]
[WhiteElo "2130"]
[BlackElo "2490"]
[EventDate "1999.04.09"]
[PlyCount "82"]

1.e4 Nf6 2.Nc3 d5 3.e5 Nfd7 4.d4 c5 5.dxc5 e6 6.Nf3 Nc6 7.Bf4 Bxc5 8.Bd3 
h6 9.Qe2 a6 10.O-O Be7 11.Qd2 Nc5 12.Ne2 Qb6 13.Rfb1 Bd7 14.c3 Nxd3 15.
Qxd3 O-O 16.Ned4 f5 17.exf6 Rxf6 18.Bg3 Nxd4 19.cxd4 Rc8 20.Be5 Rf5 21.Qe2
Be8 22.h3 Rf8 23.Rc1 Bg6 24.Ne1 Bg5 25.Rxc8 Rxc8 26.f4 Bf6 27.Qd2 Bxe5 28.
fxe5 Rc4 29.Rd1 Bh5 30.Nf3 Bxf3 31.gxf3 Qc7 32.Qf4 Qf7 33.Qxf7+ Kxf7 34.
Rd2 Kg6 35.Kg2 Kf5 36.Kg3 g5 37.b3 Rc3 38.Rd1 h5 39.Rd2 h4+ 40.Kg2 Kf4 41.
Rf2 b5 0-1

[Event "EU-chT Seniors 01st"]
[Site "Dresden"]
[Date "1999.04.12"]
[Round "4.1"]
[White "Eskandary, Jahja"]
[Black "Stavenhagen, Johannes"]
[Result "0-1"]
[WhiteElo "2130"]
[BlackElo "1870"]
[EventDate "1999.04.09"]
[PlyCount "48"]

1.e4 g6 2.Nc3 Bg7 3.Bc4 d6 4.d3 Nc6 5.a3 Nd4 6.Nce2 Be6 7.Nxd4 Bxd4 8.Bxe6
fxe6 9.Nf3 Bf6 10.c3 Qd7 11.O-O e5 12.Qb3 O-O-O 13.c4 h5 14.Be3 c5 15.Qc3 
Nh6 16.h3 Rdg8 17.b4 g5 18.bxc5 g4 19.hxg4 Rxg4 20.Nh2 Rhg8 21.g3 Rh4 22.
Nf3 Qh3 23.Nxh4 Bxh4 24.c6 b6 0-1

[Event "EU-chT Seniors 01st"]
[Site "Dresden"]
[Date "1999.04.09"]
[Round "1.3"]
[White "Funk, Paul"]
[Black "Koksch, Guenther"]
[Result "0-1"]
[WhiteElo "2115"]
[BlackElo "1950"]
[EventDate "1999.04.09"]
[PlyCount "80"]

1.d4 e6 2.g3 f5 3.Bg2 Nf6 4.Nf3 d6 5.O-O Be7 6.c4 O-O 7.Nc3 a5 8.Qc2 Nc6 
9.a3 e5 10.d5 Nb8 11.Rb1 Qe8 12.b4 Qh5 13.Nb5 Bd8 14.bxa5 f4 15.Rb3 fxg3 
16.fxg3 Na6 17.Ng5 Nc5 18.Rc3 Rxa5 19.h4 Bd7 20.Qb1 g6 21.Bd2 Bf5 22.e4 
Bg4 23.Rf2 Ra4 24.Be3 h6 25.Bxc5 hxg5 26.hxg5 Qxg5 27.Be3 Qh5 28.Qb3 Bd1 
29.Qb1 Be2 30.Qc2 Bd1 31.Qd2 Kg7 32.Rc1 Bg4 33.Rcf1 Rh8 34.Rc1 Qh2+ 35.Kf1
Qxg3 36.Rc3 Qh4 37.Qc2 Ra8 38.Bc1 Bd7 39.Qe2 Ng4 40.Rf7+ Kxf7 0-1

[Event "EU-chT Seniors 01st"]
[Site "Dresden"]
[Date "1999.04.13"]
[Round "5.2"]
[White "Funk, Paul"]
[Black "Mueller, Siegmar"]
[Result "1-0"]
[WhiteElo "2115"]
[BlackElo "1810"]
[EventDate "1999.04.09"]
[PlyCount "59"]

1.d4 b6 2.e4 Bb7 3.Nc3 e6 4.a3 Nf6 5.Bg5 h6 6.Bxf6 Qxf6 7.Nf3 c5 8.Be2 
cxd4 9.Qxd4 Qxd4 10.Nxd4 Nc6 11.Nb3 Bc5 12.Rd1 O-O-O 13.Nb5 d5 14.exd5 
exd5 15.O-O a6 16.Nc3 Ne5 17.Na4 Rd6 18.Naxc5 bxc5 19.Nxc5 Re8 20.Rfe1 g5 
21.Kf1 Re7 22.Rd4 f5 23.Red1 Rc7 24.b4 Nc6 25.Nxb7 Kxb7 26.Rxd5 Rxd5 27.
Rxd5 Ne7 28.Re5 g4 29.Bd3 f4 30.Re6 1-0

[Event "EU-chT Seniors 01st"]
[Site "Dresden"]
[Date "1999.04.11"]
[Round "3.3"]
[White "Gipslis, Aivars"]
[Black "Funk, Paul"]
[Result "1-0"]
[WhiteElo "2470"]
[BlackElo "2115"]
[EventDate "1999.04.09"]
[PlyCount "47"]

1.e4 d6 2.d4 Nf6 3.Nc3 g6 4.Be3 Bg7 5.Qd2 Ng4 6.Bg5 h6 7.Bh4 c6 8.h3 Nf6 
9.f4 O-O 10.Nf3 d5 11.e5 Ne4 12.Qe3 Qb6 13.O-O-O Nxc3 14.Qxc3 Qc7 15.g4 a5
16.f5 gxf5 17.gxf5 Bxf5 18.Rg1 Kh8 19.Bd3 Bxd3 20.Qxd3 Qd7 21.Rxg7 Kxg7 
22.Rg1+ Kh8 23.Qe3 Qe6 24.Bf6+ 1-0

[Event "EU-chT Seniors 01st"]
[Site "Dresden"]
[Date "1999.04.09"]
[Round "1.3"]
[White "Gipslis, Aivars"]
[Black "Kahn, Manfred"]
[Result "1-0"]
[WhiteElo "2470"]
[BlackElo "2230"]
[EventDate "1999.04.09"]
[PlyCount "57"]

1.e4 e6 2.d4 d5 3.exd5 exd5 4.Nf3 Nc6 5.Bb5 Bd6 6.c4 Bb4+ 7.Nc3 Ne7 8.O-O 
O-O 9.h3 dxc4 10.Bxc4 Bxc3 11.bxc3 Nd5 12.Re1 Be6 13.Ng5 Qd7 14.Ba3 Rfe8 
15.Qd3 g6 16.Nxe6 fxe6 17.Re4 Na5 18.Bb3 Nxb3 19.axb3 a5 20.c4 Nf6 21.Ree1
a4 22.Bb2 Nh5 23.Qc3 axb3 24.Rxa8 Rxa8 25.d5 e5 26.Rxe5 Rf8 27.Re2 Nf6 28.
Re6 Qf7 29.Rxf6 1-0

[Event "EU-chT Seniors 01st"]
[Site "Dresden"]
[Date "1999.04.14"]
[Round "6.3"]
[White "Gipslis, Aivars"]
[Black "Morgner, Siegfried"]
[Result "1-0"]
[WhiteElo "2470"]
[BlackElo "1695"]
[EventDate "1999.04.09"]
[PlyCount "31"]

1.e4 d6 2.d4 g6 3.Nc3 Bg7 4.Be3 Nf6 5.Qd2 Ng4 6.Bg5 h6 7.Bh4 g5 8.Bg3 c6 
9.h4 e5 10.Nf3 exd4 11.Nxd4 Qe7 12.O-O-O Qf6 13.hxg5 hxg5 14.Rxh8+ Bxh8 
15.Nf3 b5 16.e5 1-0

[Event "EU-chT Seniors 01st"]
[Site "Dresden"]
[Date "1999.04.13"]
[Round "5.4"]
[White "Hanke, Leonhard"]
[Black "Zanger, Konrad"]
[Result "1-0"]
[WhiteElo "1850"]
[BlackElo "1795"]
[EventDate "1999.04.09"]
[PlyCount "75"]

1.Nc3 Nf6 2.e4 e5 3.Nf3 d6 4.d4 exd4 5.Nxd4 Be7 6.Bc4 O-O 7.f3 a6 8.a4 
Nbd7 9.Be3 Nc5 10.Qe2 Be6 11.b4 Bxc4 12.Qxc4 Ncd7 13.O-O Rc8 14.b5 Nb6 15.
Qb3 axb5 16.axb5 Nfd7 17.Ra7 g6 18.Rxb7 Nc5 19.Nc6 Nxb3 20.Nxd8 Na5 21.Nc6
Nxc6 22.bxc6 Nc4 23.Bh6 Rfe8 24.Nd5 Bd8 25.Ra1 Ne5 26.Ra6 f6 27.Be3 Kf7 
28.Bd4 Ke6 29.Bb6 Nxc6 30.Bxc7 Bxc7 31.Rxc6 Bb6+ 32.Rbxb6 Rxc6 33.Rxc6 Ke5
34.Kf2 f5 35.Ke3 Ra8 36.Rc7 Ra3+ 37.c3 Ke6 38.Re7# 1-0

[Event "EU-chT Seniors 01st"]
[Site "Dresden"]
[Date "1999.04.10"]
[Round "2.3"]
[White "Harzer, Paul"]
[Black "Gipslis, Aivars"]
[Result "0-1"]
[WhiteElo "2045"]
[BlackElo "2470"]
[EventDate "1999.04.09"]
[PlyCount "68"]

1.d4 Nf6 2.Bg5 Ne4 3.Bf4 c5 4.f3 Qa5+ 5.c3 Nf6 6.d5 d6 7.e4 g6 8.Na3 Bg7 
9.Nc4 Qd8 10.a4 O-O 11.Bd3 Nh5 12.Bg5 h6 13.Be3 e6 14.Qd2 exd5 15.exd5 Bf5
16.Bxf5 Qh4+ 17.Bf2 Qxc4 18.Bd3 Qxd5 19.Ne2 Nc6 20.Be4 Qxd2+ 21.Kxd2 Nf6 
22.Bc2 h5 23.Bg3 Bh6+ 24.Bf4 Kg7 25.Bxh6+ Kxh6 26.Ng3 d5 27.Rae1 Rad8 28.
h4 Rd7 29.Rhf1 Rfd8 30.Rf2 Kg7 31.Kc1 d4 32.cxd4 Nxd4 33.Ne4 Nd5 34.Nc3 
Nb4 0-1

[Event "EU-chT Seniors 01st"]
[Site "Dresden"]
[Date "1999.04.11"]
[Round "3.4"]
[White "Harzer, Paul"]
[Black "Kramer, Gerhard"]
[Result "0-1"]
[WhiteElo "2045"]
[BlackElo "2135"]
[EventDate "1999.04.09"]
[PlyCount "110"]

1.d4 Nf6 2.Bg5 c5 3.Bxf6 gxf6 4.d5 Qb6 5.Qc1 d6 6.Nc3 Bg7 7.e3 O-O 8.Bd3 
Nd7 9.f4 Re8 10.Nge2 Nf8 11.O-O f5 12.Ng3 e6 13.Kh1 Qb4 14.a3 Qa5 15.dxe6 
fxe6 16.Qe1 d5 17.Rb1 Qc7 18.Nh5 Re7 19.Nxg7 Rxg7 20.Rf3 Bd7 21.Rg3 Be8 
22.Rxg7+ Qxg7 23.Be2 Bc6 24.Bf3 Rc8 25.Nd1 Nd7 26.Qd2 a6 27.Nf2 Kh8 28.c3 
b5 29.Nd3 a5 30.Rd1 Qe7 31.Rc1 h6 32.b4 c4 33.Ne1 axb4 34.axb4 Ra8 35.Nc2 
Nf6 36.Nd4 Bd7 37.g3 Qd8 38.Ne2 Kg7 39.Qb2 Ra6 40.Ra1 Qa8 41.Rxa6 Qxa6 42.
Kg2 Be8 43.Nc1 Bh5 44.Bxh5 Nxh5 45.Ne2 Nf6 46.Nd4 Kf7 47.h3 Qa4 48.Qc2 
Qxc2+ 49.Nxc2 Ne4 50.g4 fxg4 51.hxg4 Nxc3 52.Kg3 Kf6 53.Kh4 Kg6 54.Nd4 Na2
55.Nxb5 c3 0-1

[Event "EU-chT Seniors 01st"]
[Site "Dresden"]
[Date "1999.04.15"]
[Round "7.3"]
[White "Hesse, Manfred"]
[Black "Gipslis, Aivars"]
[Result "1/2-1/2"]
[WhiteElo "1805"]
[BlackElo "2470"]
[EventDate "1999.04.09"]
[PlyCount "49"]

1.c4 e5 2.Nc3 Nf6 3.g3 Bb4 4.Bg2 O-O 5.e3 c6 6.Nge2 Re8 7.Qa4 a5 8.O-O e4 
9.Qc2 d5 10.cxd5 cxd5 11.d4 Nc6 12.a3 Bf8 13.Bd2 Bg4 14.f3 exf3 15.Bxf3 
Qd7 16.Nf4 Bxf3 17.Rxf3 Ne7 18.Raf1 Ra6 19.Nd3 Ng6 20.Na4 Rc6 21.Qb3 Qc7 
22.Nc3 Qd7 23.Rf5 Ne7 24.R5f3 Ng6 25.Rf5 1/2-1/2

[Event "EU-chT Seniors 01st"]
[Site "Dresden"]
[Date "1999.04.14"]
[Round "6.4"]
[White "Hesse, Manfred"]
[Black "Hanke, Leonhard"]
[Result "1/2-1/2"]
[WhiteElo "1805"]
[BlackElo "1850"]
[EventDate "1999.04.09"]
[PlyCount "55"]

1.c4 Nf6 2.Nc3 d6 3.d4 e5 4.dxe5 dxe5 5.Qxd8+ Kxd8 6.Bg5 Be6 7.O-O-O+ Nd7 
8.Nf3 Kc8 9.e3 c6 10.a3 a5 11.Be2 Ng4 12.Bh4 f6 13.Nd2 Nh6 14.e4 g5 15.Bg3
Nf7 16.f3 a4 17.h4 h6 18.Na2 Kc7 19.Nb4 Bc5 20.Nd3 Be3 21.Bf2 Bxf2 22.Nxf2
Nc5 23.Kc2 Rad8 24.b4 axb3+ 25.Nxb3 Nxb3 26.Kxb3 b5 27.Kc3 Ra8 28.Ra1 
1/2-1/2

[Event "EU-chT Seniors 01st"]
[Site "Dresden"]
[Date "1999.04.12"]
[Round "4.4"]
[White "Hesse, Manfred"]
[Black "Lenk, Wolfgang"]
[Result "0-1"]
[WhiteElo "1805"]
[BlackElo "2200"]
[EventDate "1999.04.09"]
[PlyCount "52"]

1.c4 Nf6 2.Nc3 g6 3.d4 Bg7 4.e4 d6 5.Be2 O-O 6.Nf3 e5 7.d5 Nbd7 8.h3 Nc5 
9.Qc2 a5 10.Be3 Nh5 11.Nd2 Nf4 12.Bxf4 exf4 13.Nb3 Nd7 14.O-O-O a4 15.Nd4 
Nc5 16.f3 Bd7 17.Rd2 Be5 18.Bd1 Qf6 19.Nce2 Rfb8 20.Nb5 c6 21.Nbc3 b5 22.
dxc6 Bxc6 23.Nd5 Bxd5 24.Rxd5 bxc4 25.Qxc4 Rxb2 26.Nd4 Rb4 0-1